Sports Quiz

Random Sports or Canada Quiz

Hockey News' Top 100 Habs Quiz Stats

 Plays Quiz not verified by Sporcle

Challenge
Share
Tweet
Embed
Score 0/100 Timer 15:00
0 Plays Today
% Correct
Maurice Richard
97.9%
Henri Richard
97.4%
Patrick Roy
94.4%
Guy Lafleur
94.2%
Jean Beliveau
93.2%
Ken Dryden
88.8%
Larry Robinson
88.4%
Jacques Plante
86.2%
Saku Koivu
85.4%
Serge Savard
81.5%
Bob Gainey
80.3%
Bernie Geoffrion
78.6%
Howie Morenz
78.5%
Doug Harvey
77.6%
Steve Shutt
77.4%
Yvan Cournoyer
76.8%
Jacques Lemaire
72%
Guy Carbonneau
70%
Jose Theodore
69.9%
Vincent Damphousse
69.3%
Guy Lapointe
68.9%
Dickie Moore
68.8%
Chris Chelios
67.8%
Alex Kovalev
67.3%
Elmer Lach
67.1%
Toe Blake
67.1%
Frank Mahovlich
64.7%
Pete Mahovlich
64.4%
Andrei Markov
62.6%
Mats Naslund
62.4%
Mario Tremblay
62.2%
JC Tremblay
61.7%
Gilles Tremblay
61.6%
Emile Bouchard
61.1%
% Correct
Georges Vezina
59.9%
Kirk Muller
59.4%
Stephane Richer
58.3%
Bobby Smith
57.7%
Pierre Turgeon
55%
Aurel Joliat
53.9%
George Hainsworth
53.8%
Eric Desjardins
53.7%
Mark Recchi
53%
Newsy Lalonde
51.8%
Gump Worsley
50.8%
Jacques Laperriere
49.6%
Joe Malone
47.7%
Claude Lemieux
47.3%
Bill Durnan
46.6%
Tom Johnson
46.5%
Patrice Brisebois
44.5%
Rejean Houle
43.9%
Yvon Lambert
42.4%
Doug Jarvis
41.9%
Rod Langway
41.7%
Rogie Vachon
41.5%
John Ferguson
39.3%
Claude Provost
36.4%
Pierre Larouche
36.2%
Mathieu Schneider
35.8%
Doug Risebrough
34.9%
Pierre Mondou
34.3%
Bobby Rousseau
33.9%
Rick Green
33.8%
Ralph Backstrom
33.4%
Brian Skrudland
32.5%
Dick Duff
32.4%
Bert Olmstead
31.7%
% Correct
Sprague Cleghorn
31.6%
Ryan Walter
29.7%
Murray Wilson
29.6%
Charlie Hodge
29.5%
Petr Svoboda
29.4%
Didier Pitre
29.2%
Sylvio Mantha
29.2%
Georges Mantha
29%
Jean-Guy Talbot
27.9%
Brian Engblom
27%
Gerry McNeil
26.8%
Jack Laviolette
26.6%
Ken Reardon
26%
Jimmy Roberts
25.9%
Terry Harper
22.1%
Claude Larose
21.2%
Johnny Gagnon
20.1%
Dollard St-Laurent
19.9%
Don Marshall
19.6%
Pit Lepine
19.2%
Ted Harris
19%
Phil Goyette
19%
Buddy O'Connor
19%
Ken Mosdell
17.7%
Billy Reay
16.7%
Herb Gardiner
16.6%
Floyd Curry
14.8%
Billy Coutu
14.5%
Bob Turner
14.3%
Murph Chamberlain
14.3%
Albert Leduc
13.8%
Glen Harmon
12.3%

You're not logged in!

Compare scores with friends on all Sporcle quizzes.
OR
Log In

You Might Also Like...

Show Comments

Extras

Top Quizzes Today


Score Distribution

Your Account Isn't Verified!

In order to create a playlist on Sporcle, you need to verify the email address you used during registration. Go to your Sporcle Settings to finish the process.

Report this User

Report this user for behavior that violates our Community Guidelines.

Details: